000
00333nam a2200145Ia 4500
100
_a
Tickoo/Sham
650
_a
AutoCAD
942
_c
BK
366
_f
20
654
_a
AutoCAD 2008
245
_a
AutoCAD 2008 for engineers and Designers
260
_b
Dreamtech Press
_a
Mumbai
_c
2008
082
_a
006.6/TIC
_b
TIC
546
_a
ENGLISH
999
_c
24183
_d
24183